| 000 | 01137nam0a22002531 4500 | ||
|---|---|---|---|
| 001 | rc\2901172 | ||
| 005 | 20260406103114.0 | ||
| 035 | _a(NLR Aleph) 007052496 | ||
| 090 |
_a6205075 _c6205075 |
||
| 100 | _a20110802d1939 |||y0rusy50 ca | ||
| 101 | 0 | _arus | |
| 102 | _aRU | ||
| 105 | _aac z ||||| | ||
| 200 | 1 |
_aЭтюды по истории западноевропейского искусства _eГУУЗ Ком-та по делам искусств при СНК СССР допущено в качестве учеб. пособия для учащихся высших худож. школ _fМ. Алпатов |
|
| 210 |
_aМосква _aЛенинград _cИскусство _d1939 _eМосква |
||
| 215 |
_a314 с., 24 вкл. л. ил. и портр. _cил., портр. _d27 см |
||
| 320 | _aБиблиогр. в примечаниях, с. 229-46 | ||
| 700 | 1 |
_aАлпатов _bМ. В. _f1902-1986 _gМихаил Владимирович _970466 _3RU\NLR\AUTH\7787538 |
|
| 801 | 0 |
_aRU _bNLR _gpsbo |
|
| 801 | 1 |
_aRU _bELAR _2rusmarc |
|
| 852 |
_aNLR _j39-5/411 |
||
| 852 |
_aNLR _bМф _jК1/11190 |
||
| 942 | _cBOOK | ||
| 980 | _aNB | ||